| 000 | 02417cam a22003614a 4500 | ||
|---|---|---|---|
| 001 | muse93671 | ||
| 003 | MdBmJHUP | ||
| 005 | 20210127151914.0 | ||
| 006 | m o d | ||
| 007 | cr||||||||nn|n | ||
| 008 | 200925s2020 be o 00 0 eng d | ||
| 020 | _a9789461663634 | ||
| 020 | _z9789462702561 | ||
| 020 | _z946270256X | ||
| 035 | _a(OCoLC)1225938106 | ||
| 040 |
_aMdBmJHUP _cMdBmJHUP |
||
| 245 | 0 | 0 |
_aPublic Administration in Ethiopia _bCase Studies and Lessons for Sustainable Development / _cBacha Kebede Debela. |
| 264 | 1 | _bLeuven UP | |
| 264 | 3 | _bProject MUSE, | |
| 300 | _a1 online resource (680 p.) | ||
| 506 | 0 |
_aOpen Access _fUnrestricted online access _2star |
|
| 520 | 8 | _aBuilding an effective, inclusive, and accountable public administration has become a major point of attention for policymakers and academics in Ethiopia who want to realise sustainable development. This first handbook on Ethiopian Public Administration is written by Ethiopian academics and practitioner-academics and builds on PhD studies and conference papers, including studies presented at the meetings of the Ethiopian Public Administration Association (EPAA), established in 2016.0'Public Administration in Ethiopia' presents a wide range of timely issues in four thematic parts: Governance, Human Resources, Performance and Quality, and Governance of Policies. Each of the individual chapters in this volume contributes in a different way to the overarching research questions: How can we describe and explain the contexts, the processes and the results of the post-1990 politico-administrative reforms in Ethiopia? And what are the implications for sustainable development?0This book is essential for students, practitioners, and theorists interested in public administration, public policy, and sustainable development. Moreover, the volume is a valuable stepping stone for PA teaching and PA research in Ethiopia. | |
| 588 | _aDescription based on print version record. | ||
| 655 | 7 |
_aElectronic books. _2local |
|
| 700 | 1 | _aKebede Debela, Bacha. | |
| 710 | 2 |
_aProject Muse. _edistributor |
|
| 830 | 0 | _aBook collections on Project MUSE. | |
| 856 | 4 | 0 |
_zFull text available: _uhttps://muse.jhu.edu/book/81991/ |
| 999 |
_c27436 _d27436 |
||